| 000 | 00813nam a2200241 i 4500 | ||
|---|---|---|---|
| 001 | 184710 | ||
| 003 | ES-MaACL | ||
| 005 | 20231122130456.0 | ||
| 008 | 151116s2013 sp bf |||| | spa d | ||
| 020 | _a978-989-697-959-1 | ||
| 100 | 1 |
_aFernández Delgado, Juan José. _949738 |
|
| 245 | 1 | 0 |
_aComo un castillo de naipes _b: (Desastre de Annual) / _cJuan José Fernández Delgado. |
| 250 | _a1ª ed. | ||
| 260 |
_aLisboa : _bChiado, _c2013. |
||
| 300 |
_a613 p., [10] p. de lám. con mapas ; _c22 cm. |
||
| 490 | 1 | _aViajes en la ficción | |
| 650 | 0 | 7 |
_aDesastre de Annual, 1921 _2embne _9176053 |
| 740 | 3 | 2 | _aEl Desastre de Annual. |
| 830 | 0 |
_aViajes en la ficción _9193211 |
|
| 852 |
_aES-MaACL _jA-13618 _9191720 _bR.150700 _cDEPO1 _dOlim: N-6618 |
||
| 942 | _2udc | ||
| 999 |
_c184710 _d184710 |
||